Understanding Chemistry for advanced level (Record no. 13231)
[ view plain ]
| 000 -LEADER | |
|---|---|
| fixed length control field | 00404nam a22001697a 4500 |
| 020 ## - INTERNATIONAL STANDARD BOOK NUMBER | |
| International Standard Book Number | 0748739580 |
| 082 ## - DEWEY DECIMAL CLASSIFICATION NUMBER | |
| Classification number | 540 LIS |
| 100 ## - MAIN ENTRY--PERSONAL NAME | |
| Personal name | Lister, Ted |
| 245 ## - TITLE STATEMENT | |
| Title | Understanding Chemistry for advanced level |
| 250 ## - EDITION STATEMENT | |
| Edition statement | 4th |
| 260 ## - PUBLICATION, DISTRIBUTION, ETC. | |
| Place of publication, distribution, etc. | UK |
| Name of publisher, distributor, etc. | Stanley Thornes Publishers Ltd |
| Date of publication, distribution, etc. | 2000 |
| 300 ## - PHYSICAL DESCRIPTION | |
| Extent | viii, 680 p. |
| 500 ## - GENERAL NOTE | |
| General note | Includes index |
| 650 ## - SUBJECT ADDED ENTRY--TOPICAL TERM | |
| Topical term or geographic name entry element | Chemistry |
| 700 ## - ADDED ENTRY--PERSONAL NAME | |
| Personal name | Renshaw, Janel |
| 942 ## - ADDED ENTRY ELEMENTS (KOHA) | |
| Koha item type | Book |
| Withdrawn status | Lost status | Damaged status | Not for loan | Collection code | Permanent Location | Current Location | Shelving location | Date acquired | Source of acquisition | Total Checkouts | Full call number | Barcode | Date last seen | Date last checked out | Price effective from | Koha item type |
|---|---|---|---|---|---|---|---|---|---|---|---|---|---|---|---|---|
| Central Library (CL) | Central Library (CL) | General Stacks | 06/24/2015 | Donation | 1 | 540 LIS | SEECSD01140 | 10/22/2022 | 09/16/2022 | 06/28/2015 | Book |
